00659cam a22002054a 45000010009000000050017000090080041000260200027000670200032000940500024001260820014001501000027001642450075001912500012002662600072002783000029003506500026003796500021004057000027004261379750920260212153703.0041123s2005 enka b 001 0 eng  a0273681745qalk. paper a9780273681748q(alk. paper)00aHF5549b.F5875 200500a658.32221 aFoot, Margaret,d1949-10aIntroducing human resource management /cMargaret Foot, Caroline Hook. a4th ed. aEssex, England ;aNew York :bFinancial Times Prentice Hall,c2005. a510 p. :bill. ;c27 cm. 0aPersonnel management. 0aEmployee rights.1 aHook, Caroline,d1946-